[Event "Nuremberg Zabo op 17th"]
[Site "Nuremberg"]
[Date "2015.09.21"]
[Round "5"]
[White "Ulusoy, Tolga"]
[Black "Splitgerber, Michael"]
[Result "1-0"]
[WhiteElo "2029"]
[BlackElo "1510"]
[PlyCount "75"]
[EventDate "2015.09.21"]
[EventType "swiss"]
[EventRounds "5"]
[EventCountry "GER"]
[SourceTitle "EXT 2018"]
[Source "ChessBase"]
[SourceDate "2017.10.13"]
[SourceVersion "1"]
[SourceVersionDate "2017.10.13"]
[SourceQuality "1"]

1. e4 f5 2. exf5 Nf6 3. d4 d5 4. Bd3 c5 5. dxc5 e5 6. fxe6 Bxc5 7. Nf3 0-0 8. Qe2 Nc6 9. Be3 Bd6 10. Nd4 Ne4 11. Bxe4 dxe4 12. Nxc6 bxc6 13. Qc4 Qe7 14. Nc3 Bxe6 15. Qxe4 Rae8 16. 0-0-0 Ba3 17. Qa4 Bb4 18. Ne4 h6 19. c3 Bf5 20. Ng3 Bc5 21. Qc4+ Be6 22. Qxc5 Qf7 23. Ne4 Qg6 24. Nd2 Rb8 25. b3 Rf5 26. Qxa7 Rfb5 27. Kb2 Bd5 28. c4 R5b7 29. Qd4 Bf7 30. Qe4 Qf6+ 31. Bd4 Qd8 32. Bc3 Ra8 33. Nf3 Qf8 34. Kb1 Re7 35. Bb4 Qe8 36. Qxe7 Bg6+ 37. Kb2 Qb8 38. Rd7 1-0

[Event "Nuremberg-ch op 05th"]
[Site "Nuremberg"]
[Date "2005.05.08"]
[Round "5"]
[White "Rauch, Martin"]
[Black "Splitgerber, Michael"]
[Result "0-1"]
[WhiteElo "1641"]
[BlackElo "1578"]
[PlyCount "60"]
[EventDate "2005.05.06"]
[EventType "swiss"]
[EventRounds "5"]
[EventCountry "GER"]
[SourceTitle "EXT 2007"]
[Source "ChessBase"]
[SourceDate "2006.11.23"]
[SourceVersion "1"]
[SourceVersionDate "2006.11.23"]
[SourceQuality "1"]

1. e4 f5 2. exf5 Nf6 3. d4 d5 4. g4 Nc6 5. Be3 Qd6 6. c3 e5 7. fxe6 Bxe6 8. h3 0-0-0 9. Nd2 h5 10. g5 Ne4 11. Qc2 Bf5 12. Bd3 g6 13. Nxe4 dxe4 14. Bxe4 Bxe4 15. Qxe4 Bg7 16. 0-0-0 Rhe8 17. Qc2 Qd5 18. Ne2 Qxa2 19. Qxg6 Na5 20. Qb1 Qa4 21. Qc2 Nb3+ 22. Qxb3 Qxb3 23. Ng3 Rd5 24. Kb1 Rxe3 25. fxe3 Rxg5 26. Ne4 Rg2 27. Nd2 Qe6 28. e4 Rxd2 29. Rxd2 Qxe4+ 30. Ka1 Qxh1+ 0-1

[Event "Nuremberg-ch op 05th"]
[Site "Nuremberg"]
[Date "2005.05.07"]
[Round "3"]
[White "Lenz, Harald"]
[Black "Splitgerber, Michael"]
[Result "1/2-1/2"]
[WhiteElo "1754"]
[BlackElo "1578"]
[PlyCount "100"]
[EventDate "2005.05.06"]
[EventType "swiss"]
[EventRounds "5"]
[EventCountry "GER"]
[SourceTitle "EXT 2007"]
[Source "ChessBase"]
[SourceDate "2006.11.23"]
[SourceVersion "1"]
[SourceVersionDate "2006.11.23"]
[SourceQuality "1"]

1. d4 f5 2. c4 e6 3. Nf3 Be7 4. Nc3 Nf6 5. e3 d6 6. Qb3 0-0 7. Bd3 Ng4 8. h3 Nh6 9. e4 f4 10. Qc2 Nc6 11. a3 e5 12. dxe5 Nxe5 13. Be2 c6 14. Nxe5 dxe5 15. Bf3 Be6 16. Ne2 Nf7 17. Bd2 b5 18. c5 a5 19. b4 a4 20. Bc3 Qc7 21. Qb2 Rad8 22. h4 Bf6 23. g4 Rd3 24. Ng1 Rfd8 25. Be2 Qd7 26. g5 Bxg5 27. hxg5 Nxg5 28. f3 Re3 29. Kf2 Bb3 30. Bxe5 Qf7 31. Bd6 Re8 32. Qd4 R3xe4 33. fxe4 Nxe4+ 34. Ke1 Ng3 35. Rh2 f3 36. Rf2 Re4 37. Qxe4 Nxe4 38. Rxf3 Nf6 39. Re3 Qg6 40. Kf2 Bd5 41. Bf3 Qf5 42. Rae1 Ng4+ 43. Kg3 Nxe3 44. Rxe3 h6 45. Bg4 Qf1 46. Nf3 Bxf3 47. Bxf3 Qg1+ 48. Kf4 Qg5+ 49. Ke4 Qd5+ 50. Kf4 Qg5+ 1/2-1/2